| 000 | 00770nam a22002177a 4500 | ||
|---|---|---|---|
| 999 |
_c65751 _d65751 |
||
| 005 | 20240530110841.0 | ||
| 008 | 200909s2019 ua f 000 0 ara d | ||
| 017 |
_a2019/19196 _bمصر. دار الكتب |
||
| 020 | _a9789779124698 | ||
| 040 |
_aEG-CaGPL _cEG-CaGPL |
||
| 082 | 0 | 4 |
_221 _a962.16 _bق/أ ق |
| 100 | 0 | _aايمن فؤاد سيد | |
| 245 | 1 | 2 |
_aالقاهرة التاريخية / _cايمن فؤاد سيد |
| 250 | _aط.1 | ||
| 260 |
_aالقاهرة : _bالهيئة المصرية العامة للكتاب، _c2019. |
||
| 300 |
_a153 ص. + 30 ص. : _bصور لو ؛ _c24 سم. |
||
| 651 | 0 | 7 |
_2qrmak _aالقاهرة _xتاريخ |
| 651 | 0 | 7 |
_aالقاهرة _xالمقابر |
| 942 |
_2ddc _cBK |
||